000 00542nam a2200157Ia 4500
003 GCL
005 20240530105327.0
008 140319s1974 xx 000 0 ara d
040 _aGCL /
_cGCL
082 0 4 _a346.04 /
_bم د
100 1 _4محمد لبيب شنب
245 1 0 _aدراسات فى قانون السجل العينى المصرى /
_bمحمد لبيب شنب
260 _a[ القاهرة ] :
_bالمنظمة الاسلامية للتربية والعلوم والثقافة ،
_c1974
300 _a55 ص
942 _2ddc
_cBK
999 _c54955
_d54955